000 00409cam a2200169 4500
001 D12233
008 090401t1891 xxu||||| |||| 00| 0 eng d
035 _a(Sirsi) u2187
041 _aeng
100 _aBrickdale, Charles Fortescue
245 4 _aThe practice of the land registry
260 _aLondon
_bWaterlow and Sons
_c1891
350 _a0
520 _aShelf 113
942 _n0
948 _c04/03/1997
999 _c85736
_d85736